| 000 | 00792nam a22003010a 4500 | ||
|---|---|---|---|
| 001 | PT20606 | ||
| 003 | AR-LpoUNG | ||
| 005 | 20210131232924.0 | ||
| 008 | 191001s2000||||xxu|||||||||||||||||eng d | ||
| 020 |
_a0201670453 _c$29.66 |
||
| 040 |
_aAR-LpoUNG _bspa _cAR-LpoUNG _eaacr |
||
| 041 | _aeng | ||
| 044 | _axxu | ||
| 082 | 0 | _a428 453ans | |
| 100 | 1 | _aMaurer, Jay | |
| 245 | 1 | 0 |
_aFocus on grammar : _ban advanced course for reference and practice : answer key |
| 250 | _a2ª edición | ||
| 260 |
_aNew York : _bLongman, _c2000. |
||
| 300 |
_a49 p. : _btbls. |
||
| 505 | 0 | _aPertenece a la colección Focus on Grammar | |
| 650 | 4 | _aAPRENDIZAJE | |
| 650 | 4 | _aGRAMATICA | |
| 650 | 4 | _aIDIOMA | |
| 650 | 4 | _aINGLES | |
| 700 | 1 | _aBonner, Margaret | |
| 905 | _a20606 | ||
| 942 | _cLIB | ||
| 999 |
_c18216 _d18216 |
||